000 01675cam a2200169 4500500
005 20251228095226.0
041 _afre
042 _adc
100 1 0 _ade Perthuis, Bruno
_eauthor
245 0 0 _aImages de la justice au temps de l'affaire Dreyfus
260 _c2004.
500 _a56
520 _aRésuméC’est à travers la caricature de presse ainsi que celle de la carte postale, que nous avons tenté de débusquer les différents visages de la justice pendant l’Affaire Dreyfus : justice de classe, opposition entre justice militaire et justice civile, superposition des représentations de la vérité et de la justice, représentation ambivalente de l’île du Diable, images peu flatteuses des juges figurés, parfois, à l’instar de Dreyfus et de ses défenseurs, en agents à la solde de Berlin. Enfin, ambiguïté même de la justice au milieu de cette guerre idéologique qui soulève les passions.
520 _aThis article aims at discovering the different representations of justice during the Dreyfus affair through press cartoons and illustrated post-cards : justice of class, conflicts between military and civil justice, superimposition of representations of truth and justice, ambiguous representation of Devil Island, unflattering images of judges, sometimes represented – as well as Dreyfus and his defenders – as agents for Berlin. Ultimately, the ambiguity of justice itself in that ideological and passionate war.
786 0 _nSociétés & Représentations | 18 | 2 | 2004-09-01 | p. 135-145 | 1262-2966
856 4 1 _uhttps://shs.cairn.info/revue-societes-et-representations-2004-2-page-135?lang=fr&redirect-ssocas=7080
999 _c1605893
_d1605893